| 000 | 00473cam a2200169Ia 4500 | ||
|---|---|---|---|
| 020 | _a0801674913 | ||
| 040 | _cUIB | ||
| 082 | _a547 MOS 1996 A033 Or. | ||
| 100 | 1 | _aSkonieczny, Stanislaw. | |
| 245 | 1 | 0 | _aStudy guide and solutions manual to accompany organic chemistry / |
| 246 | 3 | 0 | _aOrganic chemistry |
| 260 |
_aSt. Louis, Mo. : _bMosby, _cc1996. |
||
| 300 |
_a905 p. ; _bill. ; _c26 cm. |
||
| 650 | 0 | _aChemistry, Organic | |
| 700 | 1 | _aSchmid, George H. | |
| 942 | _cEK | ||
| 999 |
_c12587 _d12587 |
||